| 000 | 00949nam a2200193 a 4500 | ||
|---|---|---|---|
| 001 | 000040810 | ||
| 005 | 20201002034409.0 | ||
| 008 | 130906s2011 cu 000 0 spa d | ||
| 020 | _a9788479627003 | ||
| 040 |
_aDO-SdBNP _bspa _cBNPHU |
||
| 245 | 0 | 0 |
_aOtra Cuba secreta : _bantología de poetas cubanas del XIX y del XX (de Gertrudis Gómez de Avellaneda a Reina María Rodríguez, con una breve muestra de poetas posteriores) / _cedición, introducción, notas y bibliografía de Milena Rodríguez Gutiérrez. |
| 246 | 1 | 3 | _aAntología de poetas cubanas del XIX y del XX (de Gertrudis Gómez de Avellaneda a Reina María Rodríguez, con una breve muestra de poetas posteriores) |
| 260 |
_aMadrid : _bVerbum, _c2011. |
||
| 300 |
_a563 p. : _bil., retrs. ; _c22 cm. |
||
| 490 | 1 |
_aVerbum _v5 |
|
| 504 | _aIncluye referencias bibliográficas y notas al pie de las páginas | ||
| 700 | 1 |
_aRodríguez, Milena, _d1971- _967233 |
|
| 830 | 0 |
_aVerbum _v5 _951735 |
|
| 999 |
_c40300 _d40300 |
||